| 000 | 00507nam a22002051c 4500 | ||
|---|---|---|---|
| 001 | a987679623 | ||
| 008 | 170322s1987 gw |||| 000u rus d | ||
| 041 | _arus | ||
| 100 | 1 | _aMal'kov, Pavel D. | |
| 245 | 0 | 0 | _aZapiski komendanta Kremlja |
| 264 |
_aMoskva : _bVoennoe Izdat., _c1987 |
||
| 300 | _a365 S. Hlwd. | ||
| 600 | 0 | _aLenin, Vladimir Il'ic | |
| 650 | 0 | _aErlebnisbericht | |
| 650 | 0 | _aPolitische Elite | |
| 651 | 0 | _aSowjetunion | |
| 942 | _cMG | ||
| 040 | _cRU-10907106 | ||
| 003 | RU-10907106 | ||
| 999 |
_c40603 _d40603 |
||